Word Vocabulary - CA - Statistics

General Stats
  • This quiz has been taken 281 times
    267 since last reset
  • The average score is 30 of 44
Answer Stats
word % Correct
can
100%
car
99%
cab
98%
cam
98%
cap
97%
cat
97%
cad
94%
cart
94%
care
93%
call
88%
came
88%
cast
87%
cave
87%
cane
86%
caw
86%
case
84%
cape
83%
cay
82%
cage
81%
cake
80%
card
80%
hypocritical talk cant
79%
carb
75%
carp
75%
calm
73%
cash
69%
camp
62%
catch
61%
cask
57%
calf
56%
carve
55%
choice food; delicacy cate
53%
amniotic foetal membrane caul
52%
slang for café caff
50%
make watertight caulk
50%
cache
49%
caste
42%
cause
36%
caught
34%
menu; fencing position carte
30%
calve
26%
cadge
24%
cairn
21%
can (archaic) canst
5%
No matching quizzes found
Score Distribution
Percent of People with Each Score
Percentile by Number Answered
Your Score History
You have not taken this quiz since the last reset